000
00300nam a22001337a 4500
008
170623b xxu||||| |||| 00| 0 eng d
020
_a
0275966135
041
_a
eng
080
_a
32
100
_a
21
101
_a
SHP
245
_a
POSTIMPERIALISM AND WORLD POLITICS
_c
BECKER,D.G
942
_2
udc
_c
BK
999
_c
19020
_d
19020